Eastern Utah Libraries Catalog: Duchesne, Heber, Roosevelt, & Vernal

The tiger's wife : (Record no. 72841)

MARC details
000 -LEADER
fixed length control field 01055nam a22003498a 4500
001 - CONTROL NUMBER
control field BK0009031745
003 - CONTROL NUMBER IDENTIFIER
control field DLC
005 - DATE AND TIME OF LATEST TRANSACTION
control field 20241220125854.0
008 - FIXED-LENGTH DATA ELEMENTS--GENERAL INFORMATION
fixed length control field 100309s2011 nyu 000 1 eng
010 ## - LIBRARY OF CONGRESS CONTROL NUMBER
LC control number 2010009612
020 ## - INTERNATIONAL STANDARD BOOK NUMBER
International Standard Book Number 9780385343831 : HRD
Terms of availability $25.00
020 ## - INTERNATIONAL STANDARD BOOK NUMBER
International Standard Book Number 0385343833 : HRD
Terms of availability $25.00
037 ## - SOURCE OF ACQUISITION
Source of stock number/acquisition Random House Inc, Attn Order Entry 400 Hahn rd, Westminster, MD, USA, 21157
Note SAN 201-3975
040 ## - CATALOGING SOURCE
Original cataloging agency DLC
Transcribing agency DLC
050 00 - LIBRARY OF CONGRESS CALL NUMBER
Classification number PS3615.B73
Item number T54 2011
082 00 - DEWEY DECIMAL CLASSIFICATION NUMBER
Classification number 813/.6
Edition number 22
092 ## - LOCALLY ASSIGNED DEWEY CALL NUMBER (OCLC)
Classification number 813.6000
092 ## - LOCALLY ASSIGNED DEWEY CALL NUMBER (OCLC)
Classification number OBREHT
100 1# - MAIN ENTRY--PERSONAL NAME
Personal name Obreht, Téa.
9 (RLIN) 6062108
245 14 - TITLE STATEMENT
Title The tiger's wife :
Remainder of title a novel /
Statement of responsibility, etc Téa Obreht.
250 ## - EDITION STATEMENT
Edition statement 1st ed.
260 ## - PUBLICATION, DISTRIBUTION, ETC. (IMPRINT)
Place of publication, distribution, etc New York :
Name of publisher, distributor, etc The Dial Press,
Date of publication, distribution, etc c2011.
263 ## - PROJECTED PUBLICATION DATE
Projected publication date 1103
300 ## - PHYSICAL DESCRIPTION
Extent 352
650 #0 - SUBJECT ADDED ENTRY--TOPICAL TERM
Topical term or geographic name as entry element Women physicians
Form subdivision Fiction.
9 (RLIN) 5673714
650 #0 - SUBJECT ADDED ENTRY--TOPICAL TERM
Topical term or geographic name as entry element Orphanages
Form subdivision Fiction.
9 (RLIN) 5690918
650 #0 - SUBJECT ADDED ENTRY--TOPICAL TERM
Topical term or geographic name as entry element Grandparent and child
Form subdivision Fiction.
9 (RLIN) 5689341
650 #0 - SUBJECT ADDED ENTRY--TOPICAL TERM
Topical term or geographic name as entry element Family secrets
Form subdivision Fiction.
9 (RLIN) 5674538
651 #0 - SUBJECT ADDED ENTRY--GEOGRAPHIC NAME
Geographic name Balkan Peninsula
Form subdivision Fiction.
9 (RLIN) 6512844
942 ## - ADDED ENTRY ELEMENTS (KOHA)
Koha item type BOOK
998 ## - LOCAL CONTROL INFORMATION (RLIN)
-- a138432
Holdings
Withdrawn status Lost status Source of classification or shelving scheme Damaged status Not for loan Collection code Home library Current library Shelving location Date acquired Source of acquisition Cost, normal purchase price Total Checkouts Total Renewals Full call number Barcode Date last seen Date checked out Cost, replacement price Price effective from Koha item type
    Dewey Decimal Classification     Fiction Wasatch County Library Wasatch County Library First Floor 04/13/2011 Amazon 25.00 31 9 F Obreht 34301000985368 02/29/2024 03/23/2023 25.00 03/20/2020 BOOK
This project was made possible through a grant from the Institute of Museum and Library Service administered by the Utah State Library Division.

Wasatch County Library

  • 465 East 1200 South, Heber City, Utah 84032
  • Phone 435-654-1511 | Fax 435-654-6456

Hours

  • Monday - Friday 9:30 AM - 8:00 PM
  • Saturday 9:30 AM - 1:30 PM
  • Closed Sundays and Holidays